000
00310nam a2200109 4500
008
b xx# fre u
040
_a
LB-BrCRDP
082
1
_a
107
_b
FIC
245
1
0
_a
50 fiches de lecture en philosophie
_b
1. De Platon à Kant
942
_c
BK
999
_c
9957
_d
9957